| 000 | 01070nam a2200205Ia 4500 | ||
|---|---|---|---|
| 003 | Ost | ||
| 005 | 20260507075010.0 | ||
| 008 | 260507s9999||||xx |||||||||||||| ||und|| | ||
| 040 | _cfsecg | ||
| 041 | _aara | ||
| 082 | _a332.12 | ||
| 100 |
_aالشمري، صادق راشد حسين _eمؤلف |
||
| 245 | 0 |
_aأساسيات الصناعات المصرفية الاسلامية : _bأنشطتها والتطلعات المستقبلية / _c صادق راشد حسين الشمري |
|
| 260 |
_aعمان: _bدار اليازوري العلمية للنشر, _c2008 |
||
| 300 |
_a256 صفحة؛ _bإيضاحات ؛ _c25 سم |
||
| 520 | _aيضم أساسيات الصناعات المصرفية الإسلامية، أنشطتهاالصيرفية الاسلامية وبعض القيود الخاصة بها وفقا لاحكام الشريعة الاسلامية،أحكام الشريعة الاسلامية، أساسيات في الصرفية الاسلامية. | ||
| 653 | _aالبنوك الإسلامية | ||
| 653 | _aالصناعة | ||
| 942 | _cكتاب | ||
| 999 |
_c42152 _d42152 |
||